| 000 | 00552aas a2200169 4500 | ||
|---|---|---|---|
| 999 |
_c50502 _d50502 |
||
| 001 | 768714001 | ||
| 003 | CO-MdFUSB | ||
| 005 | 20170923102317.0 | ||
| 008 | 170912s1994 cr ||||| |||| 00| 0 spa d | ||
| 040 |
_aCO-MdFUSB _bspa _cCO-MdFUSB _dCO-MdFUSB |
||
| 041 | _aspa | ||
| 100 | 1 |
_aSimpson, Charles _eautor |
|
| 245 | 1 | 0 |
_aEl poder de la palabra _c/ Simpson, Charles |
| 300 |
_aVolumen 3. Número 4 (1994), páginas 55-56 _c: 28 cm. |
||
| 773 | 0 |
_tConquista Cristiana _049446 _960318 _gVolumen 3. Número 4 (1994), páginas 55-56 _qPágina 55. |
|
| 942 | _cANA | ||